States of Mexico - Statistics

General Stats
  • This quiz has been taken 11 times
  • The average score is 17 of 32
Answer Stats
Hint Answer % Correct
States Chihuahua
91%
States Baja California
82%
States México
82%
States Oaxaca
82%
States Yucatán
82%
States Quintana Roo
73%
States Baja California Sur
64%
States Michoacán
64%
States Puebla
64%
States Zacatecas
64%
States Nayarit
55%
States Nuevo León
55%
States Sinaloa
55%
States Tabasco
55%
States Tamaulipas
55%
States Tlaxcala
55%
States Veracruz
55%
States Aguascalientes
45%
States Chiapas
45%
States Coahuila
45%
States Colima
45%
States Durango
45%
States Guanajuato
45%
States Guerrero
45%
States Hidalgo
45%
States Jalisco
45%
States San Luis Potosí
45%
States Sonora
45%
States Campeche
36%
States Morelos
27%
States Querétaro
27%
States Ciudad de México
18%
No matching quizzes found
Score Distribution
Percent of People with Each Score
Percentile by Number Answered
Your Score History
You have not taken this quiz